| 000 | 00791nmc a2200265 a 4500 | ||
|---|---|---|---|
| 003 | AR-BaBNM | ||
| 005 | 20251128211648.0 | ||
| 008 | 195020s2004 ||||||||||||||000 | spa|| | ||
| 020 | _a84-7827-351-4 | ||
| 040 | _cAR-BaBNM | ||
| 100 | 1 | _aMata, Juan | |
| 245 | 1 | 0 |
_aComo mirar a la luna _bconfesiones a una maestra sobre la formación del lector |
| 250 | _a1ª ed. | ||
| 260 |
_aBarcelona _bGraó _c2004 |
||
| 300 | 0 | _a135 p. | |
| 490 | 0 |
_aColección Graó. Biblioteca de Textos _v205 |
|
| 504 | _aContiene referencias bibliográficas al final de cada capítulo | ||
| 650 | 4 | _aPROMOCION DE LA LECTURA | |
| 650 | 4 | _aINICIACION EN LA LECTURA | |
| 650 | 4 | _aENSENANZA DE LA LECTURA | |
| 650 | 4 | _aDIDACTICA | |
| 653 | _aEXPERIENCIAS EDUCATIVAS | ||
| 942 | _cBK | ||
| 998 | _ccalidad | ||
| 999 |
_c20620 _d20620 |
||